000 00618cam a2200205 4500500
005 20260405002613.0
041 _afre
042 _adc
100 1 0 _aGuillot, Apolline
_eauthor
245 0 0 _aLe Séminaire - Vérité et sujet, 1987-1988
260 _c2017.
500 _a67
690 _aAlain Badiou
690 _aHeidegger
690 _aMétaphysique
690 _aPlaton
690 _aSéminaire
786 0 _nPhilosophie magazine | 115 | 12-1 | 2017-12-01 | p. 60-60 | 1951-1787
856 4 1 _uhttps://shs.cairn.info/magazine-philosophie-magazine-2017-12-1-page-60?lang=fr&redirect-ssocas=7080
999 _c2059225
_d2059225